000 01595cam a2200421Ia 4500
001 40733
005 20230410101711.0
008 001215s2000 dk a c 000 0 dan d
035 _a(OCoLC)ocm45576575
040 _aFBR
_cFBR
_dOCL
_dSMI
_dOCLCQ
020 _a8777660870 (pbk.)
020 _a9788777660870 (pbk.)
029 1 _aNLGGC
_b292658451
035 _a(OCoLC)45576575
041 1 _adan
_heng
043 _anwht---
082 0 0 _a759.97294
_221
050 1 4 _a110 ND 306
_bB597 2000
245 0 0 _aBilleder fra Haiti =
_bImages from Haiti, Jorgen Leth's collection.
246 3 1 _aImages from Haiti
246 3 0 _aJorgen Leth's collection.
260 _a[Denmark] :
_bKunsthallen Brandts Klaedefabrik,
_c[2000]
300 _a191 p. :
_bcol. ill. ;
_c29 cm.
500 _aExhibition "shown in Kunsthallen Brandts Kaledefabrik from the 18 September 1999 to the 30 January 2000."
500 _a"The exhibition has been realised by support from the DCCD (Danish Center for Culture and Development) and the Jyllands-Posten Foundation."
546 _aBilingual edition--Text in Danish and English.
600 1 0 _aLeth, Jorgen
_xArt collections
_vCatalogs.
650 0 _aPainting, Haitian
_y20th century
_vExhibitions.
650 0 _aPainting, Modern
_y20th century
_zHaiti
_vExhibitions.
650 0 _aHaiti in art.
650 4 _aCEH
650 4 _aColección Estudios Haitianos
710 2 _aKunsthallen (Brandts klµdefabrik)
710 2 _aDCCD (Danish Center for Culture and Development)
710 2 _aJyllands-Posten Foundation.
942 _2lcc
_cbk
994 _aC0
_bDRFGD
999 _c12346
_d12346